<?xml version="1.0" encoding="UTF-8"?><?xml-stylesheet type="text/xsl" href="static/style.xsl"?><OAI-PMH xmlns="http://www.openarchives.org/OAI/2.0/" xmlns:xsi="http://www.w3.org/2001/XMLSchema-instance" xsi:schemaLocation="http://www.openarchives.org/OAI/2.0/ http://www.openarchives.org/OAI/2.0/OAI-PMH.xsd"><responseDate>2026-04-18T02:13:50Z</responseDate><request verb="GetRecord" identifier="oai:riubu.ubu.es:10259/9989" metadataPrefix="marc">https://riubu.ubu.es/oai/request</request><GetRecord><record><header><identifier>oai:riubu.ubu.es:10259/9989</identifier><datestamp>2026-02-07T23:42:18Z</datestamp><setSpec>com_10259_7065</setSpec><setSpec>com_10259_5086</setSpec><setSpec>com_10259_2604</setSpec><setSpec>col_10259_8461</setSpec></header><metadata><record xmlns="http://www.loc.gov/MARC21/slim" xmlns:doc="http://www.lyncode.com/xoai" xmlns:xsi="http://www.w3.org/2001/XMLSchema-instance" xmlns:dcterms="http://purl.org/dc/terms/" xsi:schemaLocation="http://www.loc.gov/MARC21/slim http://www.loc.gov/standards/marcxml/schema/MARC21slim.xsd">
<leader>00925njm 22002777a 4500</leader>
<datafield tag="042" ind1=" " ind2=" ">
<subfield code="a">dc</subfield>
</datafield>
<datafield tag="720" ind1=" " ind2=" ">
<subfield code="a">Saiz Mingo, Ariadna</subfield>
<subfield code="e">author</subfield>
</datafield>
<datafield tag="260" ind1=" " ind2=" ">
<subfield code="c">2024-08</subfield>
</datafield>
<datafield tag="520" ind1=" " ind2=" ">
<subfield code="a">En este estudio partimos de la exposición a dos textos literarios&#xd;
extraídos de la novela La bastarda (2016), de la escritora&#xd;
ecuatoguineana Trifonia Melibea Obono, como activadores de&#xd;
evocaciones singulares en torno a la figura de la madre africana&#xd;
desde la mirada del alumnado marfileño que estudia español&#xd;
como lengua extranjera en la Universidad de Cocody (Costa de&#xd;
Marfil). Tras la lectura de los textos, y con el fin de potenciar las&#xd;
destrezas productivas de los estudiantes, se recogieron 36&#xd;
composiciones en las que se describe la figura materna desde su&#xd;
mirada émica. Basándonos en la idea de hibridación de Homi K.&#xd;
Bhabha como "el paso intersticial entre identificaciones fijas [que]&#xd;
abre la posibilidad de una hibridación cultural que entretenga la&#xd;
diferencia sin una jerarquía asumida o impuesta" (6), con nuestro&#xd;
estudio nos encontramos matices testimoniales en torno a la&#xd;
maternidad en África que reflejan la diversidad de culturas que&#xd;
afloran en el aula, desafiando etiquetas fijas y establecidas a priori.</subfield>
</datafield>
<datafield tag="520" ind1=" " ind2=" ">
<subfield code="a">This study is based on the experience of lvorian students of&#xd;
Spanish as a Foreign. Language at the University of Cocody who&#xd;
read two excerpts from the novel La bastarda (2016), by the&#xd;
Equatorial Guinean writer Trifonia Melibea Obono. Reading the&#xd;
texts triggered unique responses from the students regarding the&#xd;
concept of motherhood in Africa. The students compared the&#xd;
literary representations in the excerpts with their own experiences&#xd;
and ideas in assigned compositions. We analyzed the 36&#xd;
compositions written by the students to examine how they&#xd;
conceive of the mother figure. Basing our study on Homi K.&#xd;
Bhabha's idea of hybridity as "the interstitial passage between fixed&#xd;
identifications [that] opens the possibility of a cultural hybridity&#xd;
that entertains difference without an assumed or imposed&#xd;
hierarchy" (6), we explore the testimonial nuances around the&#xd;
notion of motherhood in Africa and affirm the diversity of cultures&#xd;
in the classroom that challenge fixed and dominant preconceptions.</subfield>
</datafield>
<datafield tag="024" ind2=" " ind1="8">
<subfield code="a">2167-4736</subfield>
</datafield>
<datafield tag="024" ind2=" " ind1="8">
<subfield code="a">http://hdl.handle.net/10259/9989</subfield>
</datafield>
<datafield tag="024" ind2=" " ind1="8">
<subfield code="a">10.1080/21674736.2024.2384247</subfield>
</datafield>
<datafield tag="024" ind2=" " ind1="8">
<subfield code="a">2167-4744</subfield>
</datafield>
<datafield ind1=" " ind2=" " tag="653">
<subfield code="a">Lengua</subfield>
</datafield>
<datafield ind1=" " ind2=" " tag="653">
<subfield code="a">Literatura afrohispana</subfield>
</datafield>
<datafield ind1=" " ind2=" " tag="653">
<subfield code="a">Maternidad africana</subfield>
</datafield>
<datafield ind1=" " ind2=" " tag="653">
<subfield code="a">Mirada decolonial</subfield>
</datafield>
<datafield ind1=" " ind2=" " tag="653">
<subfield code="a">Language</subfield>
</datafield>
<datafield ind1=" " ind2=" " tag="653">
<subfield code="a">Afro-hispanic literature</subfield>
</datafield>
<datafield ind1=" " ind2=" " tag="653">
<subfield code="a">African motherhood</subfield>
</datafield>
<datafield ind1=" " ind2=" " tag="653">
<subfield code="a">Decolonial perspective</subfield>
</datafield>
<datafield tag="245" ind1="0" ind2="0">
<subfield code="a">Textos afro-hispanos para la clase de ELE: una mirada decolonial a la figura materna a partir de la lectura de "La bastarda" de Trifonia Melibea Obono</subfield>
</datafield>
</record></metadata></record></GetRecord></OAI-PMH>